000 00266nam a2200121 i 4500
001 bg
245 0 _aPrace Instytutu Matematyki i Fizyki.
260 _aRzeszów,
_c1978.
040 _cBPK
041 _apol
942 _cKS
008 s pl f |000 0 pol
999 _c9861
_d9861
856 _uhttp://koha.tu.koszalin.pl/cgi-bin/koha/opac-detail.pl?biblionumber=9861
_yKatalog online BPK